| 000 | 00812cam a2200217 4500 | ||
|---|---|---|---|
| 001 | 257 | ||
| 005 | 20181127161023.0 | ||
| 008 | 090130s2009 nyua 001 0 eng | ||
| 010 | _a 2009004518 | ||
| 020 | _a1568584237 (alk. paper) | ||
| 020 | _a9781568584232 (alk. paper) | ||
| 041 | 1 |
_aeng _hspa |
|
| 100 | 1 |
_aGaleano, Eduardo H., _d1940- |
|
| 240 | 1 | 0 |
_aEspejos. _lEnglish |
| 245 | 1 | 0 |
_aMirrors : _bstories of almost everyone / _cEduardo Galeano ; English translation by Mark Fried. |
| 260 |
_aNew York : _bNation Books, _cc2009. |
||
| 300 |
_a391 p. : _bill. ; _c22 cm. |
||
| 500 | _aIncludes index. | ||
| 520 | _aThe unofficial history of the world seen--and mirrored to us--through the eyes and voices of history's unseen, unheard, and forgotten, over 5000 years of history. | ||
| 650 | 0 |
_aHistory _vMiscellanea. |
|
| 999 |
_c230 _d230 |
||